LDR 01011naa#a2200169#i#450# 001 RU\\bibl\116705 005 20260703011859.5 011 ## _a2227-1171 100 ## _a20260630b2026####ek#y0rusy0150####ca 102 ## _aRU 200 1# _aПРОБЛЕМЫ ПРАВОВОГО РЕГУЛИРОВАНИЯ КВАЛИФИКАЦИОННЫХ ТРЕБОВАНИЙ ПРИ ПРОВЕДЕНИИ КОНКУРСА НА ЗАМЕЩЕНИЕ ОТДЕЛЬНЫХ ДОЛЖНОСТЕЙ ОБРАЗОВАТЕЛЬНОЙ ОРГАНИЗАЦИИ МВД РОССИИ _eЖурнальная статья 210 1# _aКазань _cКазанский юридический институт МВД России _d2026 215 ## _a7 с. 608 ## _aЖурнальная статья _2local 675 ## _aДопуск к преподаванию. Назначение на должность. Выборы на должность. Присвоение звания. 378.124.082 _z 700 #1 _aЧернова _gЕлена Геннадьевна 856 4# _avestnikkui.ru _u